| Tag |
First Indicator |
Second Indicator |
Subfields |
| LEADER |
00000nam a2200000 i 4500 |
| 001 |
in00005669721 |
| 008 |
251114e19150531gw f000 0 ger d |
| 005 |
20251114152708.1 |
| 035 |
|
|
|a (OCoLC)on1551316883
|
| 040 |
|
|
|a TXA
|b eng
|e rda
|c TXA
|
| 035 |
|
|
|a (OCoLC)1551316883
|
| 043 |
|
|
|a e-gx---
|
| 050 |
|
4 |
|a HC286.2
|b .P758 1915
|
| 110 |
1 |
|
|a Prussia (Germany).
|b Armee.
|b Oberkommando in den Marken.
|
| 242 |
1 |
0 |
|a Notice concerning the seizure, reporting requirements and surrender of finished, used and unused articles made of copper, brass and pure nickel
|y eng
|
| 245 |
1 |
0 |
|a Bekanntmachung betreffend Beschlagnahme, Meldepflicht und Ablieferung von fertigen, gebrauchten und ungebrauchten Gegenständen aus Kupfer, Messing und Reinnickel.
|
| 264 |
|
1 |
|a Berlin :
|b Oberkommando in den Marken,
|c 1915 July 31.
|
| 264 |
|
3 |
|a Berlin :
|b Nauck & Hartmann
|
| 300 |
|
|
|a 1 leaf ;
|c 71 x 47 cm
|
| 336 |
|
|
|a text
|b txt
|2 rdacontent
|
| 337 |
|
|
|a unmediated
|b n
|2 rdamedia
|
| 338 |
|
|
|a sheet
|b nb
|2 rdacarrier
|
| 546 |
|
|
|a German;
|b Fraktur.
|
| 500 |
|
|
|a At head of title: "Nr. M. 325/7. 15. K.R.A."
|
| 520 |
|
|
|a Order required both private citizens and businesses to voluntarily deliver their metal goods to collection points by September 20, 1915, in exchange for fixed compensation prices per kilogram. The notice details the specific items covered, lists exceptions, and outlines the severe penalties for those who failed to comply with the new regulations.
|
| 650 |
|
0 |
|a World War, 1914-1918
|x Economic aspects
|z Germany.
|
| 650 |
|
0 |
|a World War, 1914-1918
|x Confiscations and contributions
|z Germany.
|
| 650 |
|
0 |
|a World War, 1914-1918
|z Germany
|x Equipment and supplies.
|
| 650 |
|
0 |
|a Metal products
|x Law and legislation
|z Germany
|z Berlin.
|
| 650 |
|
0 |
|a Raw materials
|x Law and legislation
|z Germany
|z Berlin.
|
| 650 |
|
0 |
|a War and emergency legislation
|z Germany.
|
| 655 |
|
7 |
|a Proclamations.
|2 lcgft
|
| 655 |
|
7 |
|a Administrative regulations.
|2 lcgft
|
| 710 |
1 |
|
|a Prussia (Germany).
|b Kriegsministerium.
|b Kriegsrohstoffabteilung.
|
| 710 |
2 |
|
|a Nauck & Hartmann (Firm),
|e printer.
|
| 994 |
|
|
|a Z0
|b TXA
|
| 948 |
|
|
|h HELD BY TXA - 0 OTHER HOLDINGS
|
| 999 |
f |
f |
|s 384234f0-52b0-40f4-be2e-69af164cdf75
|i 9466e9c6-40bf-4d4a-a508-ceb4108cab7f
|t 0
|
| 952 |
f |
f |
|p noncirc
|a Texas A&M University
|b College Station
|c Cushing Memorial Library & Archives
|d Cushing: Ragan Military (Does not check out)
|t 0
|e HC286.2 .P758 1915
|f Flat File
|h Library of Congress classification
|i unmediated -- sheet
|m A1485345763D
|
| 998 |
f |
f |
|a HC286.2 .P758 1915
|t 0
|l Cushing: Ragan Military (Does not check out)
|